| 000 | 00512nam a22001937a 4500 | ||
|---|---|---|---|
| 003 | CEME | ||
| 005 | 20210628203243.0 | ||
| 008 | 210122b xxu||||| |||| 00| 0 eng d | ||
| 020 | _a0-07-282919-2 | ||
| 040 | _c. | ||
| 082 | _a332.6 COR | ||
| 100 |
_aCorrado, Charles J, Jordan, Bradford D _964310 |
||
| 245 | _aFundamentals of investments, valuation and management | ||
| 250 | _a3RD | ||
| 260 |
_aNEW YORK _bMCGRAW HILL _c2005 |
||
| 300 | _aXXXIV,682 P | ||
| 650 |
_aINVESTMENT _964311 |
||
| 942 |
_cBK _2ddc |
||
| 999 |
_c572845 _d572845 |
||